Inovácie v oblasti služieb podpory IT prostredia koncových užívateľov

Najnovšie inovácie v oblasti podpory koncových užívateľov. Je možné pozorovať výzvy zamestnancov prejsť z aktuálneho tradičného pracovného prostredia na prostredie s prvkami mobility. Regulačné a bezpečnostné požiadavky konkrétneho sektora. Inovácie, ich využitie, zlepšenie efektivity a produktivity...

Descrizione completa

Salvato in:
Dettagli Bibliografici
Autore principale: Mlynarovič, Vladimír
Natura: Capitolo di libro
Lingua:slovacco
Soggetti:
Tags: Aggiungi Tag
Nessun Tag, puoi essere il primo ad aggiungerne!!

MARC

LEADER 00000nla a2200000 4500
001 0228315
005 20240502073746.5
041 0 |a slo 
044 |a SK 
245 1 0 |a Inovácie v oblasti služieb podpory IT prostredia koncových užívateľov  |c Vladimír Mlynarovič 
520 |a Najnovšie inovácie v oblasti podpory koncových užívateľov. Je možné pozorovať výzvy zamestnancov prejsť z aktuálneho tradičného pracovného prostredia na prostredie s prvkami mobility. Regulačné a bezpečnostné požiadavky konkrétneho sektora. Inovácie, ich využitie, zlepšenie efektivity a produktivity jeho užívateľov. 
610 2 0 |a technológie informačné 
610 2 0 |a technológie komunikačné 
610 2 0 |a systémy počítačové 
610 2 0 |a distribúcia informácií 
610 2 0 |a ekonomika sieťová 
610 2 0 |a bezpečnosť elektronická 
610 2 0 |a bezpečnosť informačná 
610 2 0 |a inovácia 
100 1 |a Mlynarovič, Vladimír